| 000 | 00652nam a2200217 i 4500 | ||
|---|---|---|---|
| 001 | 52712 | ||
| 003 | ES-MaACL | ||
| 005 | 20230906162631.0 | ||
| 007 | t| | ||
| 008 | 030903s1978 sp ||||1| spa d | ||
| 100 | 1 |
_aDebray, Régis. _943131 |
|
| 245 | 1 | 0 |
_aCarta a los comunistas / _cRegis Debray ; [traducción, José Mª Vidal Villa]. |
| 250 | _a[1ª ed.]. | ||
| 260 |
_a[Barcelona] : _bBruguera, _c[1978] |
||
| 300 |
_a252 p. ; _c19 cm. |
||
| 490 | 1 |
_aPensadores de hoy ; _v3 |
|
| 700 | 1 |
_aVidal Villa, José María. _9114521 |
|
| 830 | 0 |
_aPensadores de hoy ; _v3 _9230214 |
|
| 852 |
_aES-MaACL _jA-10058 _bR.98703 |
||
| 999 |
_c52712 _d52712 |
||